01615cam a22003737a 4500003000500000005001700005008004100022010001000063011001000073035001000083040000900093090001000102100004000112245022500152260004100377300002300418502007700441590003700518590004100555590004100596590004100637590004200678650003200720650003100752650003800783901000700821905002300828942000900851949005500860949004200915999001700957952014000974952012701114CHAP20220329142323.0000621d2000 mx r 00110 spa d a81652 a82624 a93123 cCHAP aTesis00aTorres Jiménez, Martín.911414610aPlantas medicinales de Pozos, Gto. ; germinación de Gnaphallium semiamplexicaule D.C., Conyza filagioides (D.C) Hieron y germinación y fenología de Heliopsis Ilongipes (A,Gray) Blakec/por Martín Torres Jiménez aChapingo, Méx. :bEl autor,c2000. a151 h. :bgráfs. aTesis (Ing. Agr. Esp. en Fitotecnia) -- UACH. Departamento de Fitotecnia aALEPHb10c20130110lUCH01h1436 aBATCH-UPDb10c20130110lUCH01h0434 aBATCH-UPDb10c20130410lUCH01h0110 aBATCH-UPDb10c20130914lUCH01h0741 aCONVERSIONb10c20130109lUCH01h134514aBotánica médica.91468014aPlantas cultivadas.98892114aPlantasxIdentificación.988842 aBK aGuadalupe Pinto C. cFOLL bBCcTESd33724000783833eTS2fc.2h36575i93123si bBCcTESd931231eTS1h36574i93123sb c81652d81652 00102local4053708TESISaBCbBCcPA_TESISd2019-12-31fTESISl0oTesisp33724000783833r2019-12-31 00:00:00tc.2w2019-12-31yTESIS 00102local4051708TESISaBCbBCcPA_TESISd2019-12-31fTESISl0oTesisp931231r2019-12-31 00:00:00w2019-12-31yTESIS